| 000 | 00473nam a22001937a 4500 | ||
|---|---|---|---|
| 003 | MPLRDC | ||
| 005 | 20220104114247.0 | ||
| 008 | 210129b ||||| |||| 00| 0 eng d | ||
| 020 | _a962-451-143-8 | ||
| 082 | _a857.622 TQF | ||
| 100 | _a唐其峰 | ||
| 245 |
_a天纲 _c |
||
| 250 | _a初版一刷 | ||
| 260 |
_a _b皇冠出版社有限公司 _c1993 |
||
| 300 | _b平 | ||
| 490 | _a商业犯罪实况小说 | ||
| 650 | _a小说--罪案类 | ||
| 942 |
_cBK _o857.622 TQF |
||
| 999 |
_c6103 _d6093 |
||